Music Quiz

Random Music or Missing Word Quiz

Music Without Action Quiz Stats

 Plays Quiz Updated Aug 20, 2019

Support Sporcle.
Go Orange.
Score 0/99 Timer 09:00
1 Play Today
Song Verb % Correct
Boys ___ Back in TownAre
98.6%
Another One ___ the DustBites
94.5%
___ Your Own WayGo
92.3%
___ Me with Your Best ShotHit
90.4%
You ___ Love a Bad NameGive
90.3%
Every Breath You ___Take
90.3%
___ Like an EagleFly
90.1%
Only the Good ___ YoungDie
89.6%
Do Ya ___ I'm Sexy?Think
89.1%
___ and Let DieLive
89%
Why do Fools ___ in Love?Fall
88.6%
This Land ___ Your LandIs
88.5%
Twist and ___Shout
88.5%
I ___ a Rainy NightLove
87.9%
Do They ___ It's ChristmasKnow
87.5%
Nobody ___ It BetterDoes
87.3%
I ___ the SheriffShot
87.2%
God ___ the QueenSave
87.1%
The Lion ___ TonightSleeps
86.7%
Video ___ the Radio StarKilled
84.8%
___ My FireLight
84.6%
Can't You ___ Me KnockingHear
83.8%
I ___ Her Standing ThereSaw
83.5%
___ Like Teen SpiritSmells
83.3%
Can't ___ Me LoveBuy
83%
You Really ___ MeGot
82.6%
I ___ You to Want MeWant
82.6%
(You ___ Me) CrazyDrive
82.6%
Every Picture ___ a StoryTells
82.1%
Two Hearts ___ As OneBeat
81.6%
___ for Your RightFight
81.4%
I ___ a Little PrayerSay
80.7%
___ Your Head on My ShoulderPut
80.5%
Song Verb % Correct
(___, ___, ___) ___ Your BootyShake
79.9%
___ Some Sugar on MePour
79.5%
When Doves ___Cry
79.4%
Devil ___ Down to GeorgiaWent
79%
The KKK ___ My Baby AwayTook
79%
We ___ This CityBuilt
78.6%
___ You Were HereWish
77.4%
I'll ___ by YouStand
77.2%
___ to SenderReturn
76.9%
___ You Like a HurricaneRock
76.1%
___ on Wayward SonCarry
75.8%
___ Me the WayShow
75.6%
What the World ___ Now Is LoveNeeds
75.5%
I Can ___ for MilesSee
74.7%
___ It BlackPaint
74.6%
You ___ Me All Night LongShook
74.2%
By the Time I ___ to PhoenixGet
73.6%
(Don't ___) the ReaperFear
71.6%
Don't ___ Me DownBring
71.1%
___ the Night AwayDance
70.9%
Cum on ___ the NoizeFeel
70.8%
You've ___ That Lovin' Feelin'Lost
70.8%
One Thing ___ to AnotherLeads
70.7%
___ a Gong (Get It On)Bang
70.3%
___ Your Head UpHold
69.6%
You ___ a Bomb on MeDropped
69.1%
I ___ the LawFought
68.3%
Dirty Deeds ___ Dirt CheapDone
68.2%
She ___ to AngelsTalks
68.1%
Who'll ___ the RainStop
67.2%
You ___ Me On, I'm a RadioTurn
67.1%
Rikki Don't ___ That NumberLose
66.1%
___ Up Little SusieWake
66%
Song Verb % Correct
___ Over BeethovenRoll
65.5%
___ Me, RhondaHelp
65.4%
50 Ways to ___ Your LoverLeave
65.3%
___ Three TimesKnock
64.7%
Along ___ MaryComes
63.8%
Nothing ___ 2 UCompares
62.9%
___ to What the Man SaidListen
61.8%
Won't Get ___ AgainFooled
61.8%
___ in the WindBlowin'
61.6%
___ Away ReneeWalk
60.8%
Then He ___ MeKissed
60.3%
My City ___ GoneWas
60.2%
You ___ Loving FunMake
59.9%
Please ___ MePlease
58.8%
___ Down SallyLay
58.2%
(___) the FlintstonesMeet
58%
She ___ Me with ScienceBlinded
57.7%
I ___ CannibalsEat
56.4%
Who ___ These Shoes?Wears
56%
___ A Little TendernessTry
52.9%
___ It on OverMove
51.3%
Seek & ___Destroy
51.1%
I ___ the SongsWrite
50.8%
I ___ (So Far Away)Ran
50.5%
The Wind ___ MaryCries
44.6%
What a Fool ___Believes
41.8%
I ___ It All AwayThrew
39.3%
It ___ You Runnin'Keeps
38.2%
___ Me a DimeLoan
37%
The Man Who ___ the WorldSold
36.7%
Life ___ at the HopBegins
33.4%
Love, ___ O'er MeReign
31.5%
___ the WineSpill
25.2%

You're not logged in!

Compare scores with friends on all Sporcle quizzes.
OR
Log In

From the Vault

Flag Color Click: Czechia

by Scuadrado

If your monitor is monochrome, we're sorry.
Remove Ads.
Support Sporcle.
Get the best of Sporcle when you Go Orange. This ad-free experience offers more features, more stats, and more fun while also helping to support Sporcle. Thank you for becoming a member.

Show Comments

Extras

Top Quizzes Today


Score Distribution

Your Account Isn't Verified!

In order to create a playlist on Sporcle, you need to verify the email address you used during registration. Go to your Sporcle Settings to finish the process.

Report this User

Report this user for behavior that violates our Community Guidelines.

Details: